Peter the Great and the Ottoman Empire / (Record no. 148915)

MARC details
000 -LEADER
campo de control de longitud fija 00457nam a2200157 4500
001 - NÚMERO DE CONTROL
campo de control 148915
003 - IDENTIFICADOR DE NÚMERO DE CONTROL
campo de control ES-MaACL
005 - FECHA Y HORA DE LA ÚLTIMA TRANSACCIÓN
campo de control 20230906202853.0
007 - CAMPO FIJO DE DESCRIPCIÓN FÍSICA--INFORMACIÓN GENERAL
campo de control de longitud fija t|
008 - DATOS DE LONGITUD FIJA--INFORMACIÓN GENERAL
campo de control de longitud fija 070214s1949 xxk r ||||1| eng d
100 1# - ENTRADA PRINCIPAL--NOMBRE DE PERSONA
Nombre de persona Sumner, B. H.
9 (RLIN) 108777
245 10 - MENCIÓN DEL TÍTULO
Título Peter the Great and the Ottoman Empire /
Mención de responsabilidad, etc. by B. H. Sumner.
260 ## - PUBLICACIÓN, DISTRIBUCIÓN, ETC.
Lugar de publicación, distribución, etc. Oxford :
Nombre del editor, distribuidor, etc. Basil Blackwell,
Fecha de publicación, distribución, etc. 1949 (
Fabricante The Vincent-Works)
300 ## - DESCRIPCIÓN FÍSICA
Extensión 80 p. ;
Dimensiones 19 cm.
852 ## - LOCALIZACIÓN
Ubicación ES-MaACL
Número de control de estantería D-5269
Sublocalización o colección R.30775
Holdings
Estatus retirado Estado de pérdida Estado de daño No para préstamo Biblioteca de origen Biblioteca actual Ubicación en estantería Fecha de adquisición Fuente de adquisición Total de préstamos Signatura topográfica completa Código de barras Visto por última vez Precio de reemplazo Tipo de ítem Koha
        Biblioteca del Ateneo de Madrid Biblioteca del Ateneo de Madrid Sala Valle Inclán 17/01/2008     D-5269 901155399 23/02/2023 23/02/2023 Libro impreso